Personnalités au Panthéon - Statistiques

Statistiques générales
  • Ce quiz a été pris 255 fois
  • Le résultat moyen est 11 sur 33
Statistiques - réponses
Hint Réponse % Correct
Ecrivain Victor Hugo
86%
Scientifique Marie Curie
85%
Scientifique Pierre Curie
84%
Homme politique et époux de la précédente Antoine Veil
78%
Femme politique Simone Veil
78%
Résistant Jean Moulin
74%
Ecrivain Émile Zola
59%
Résistante Geneviève de Gaulle-Anthonioz
59%
Homme politique Jean Jaurès
43%
Ecrivain Alexandre Dumas
36%
Homme politique Lazare Nicolas Marguerite Carnot
36%
Homme politique Marie François Sadi Carnot
36%
Ecrivain André Malraux
34%
Homme politique Léon Gambetta
24%
Résistant Jean Zay
23%
Scientifique Marcellin Berthelot
22%
Scientifique et épouse du précédent Sophie Berthelot
22%
Homme politique Victor Schœlcher
19%
Résistante Germaine Tillon
18%
Résistant Pierre Brossolette
18%
Scientifique Louis Braille
17%
Religieux Henri Grégoire
16%
Homme politique Jean Monnet
14%
Scientifique et homme politique Nicolas de Caritat Marquis de Condorcet
13%
Scientifique Paul Langevin
13%
Résistant René Cassin
13%
Ecrivain Maurice Genevoix
11%
Homme politique Félix Eboué
9%
Scientifique Gaspard Monge
8%
Homme politique Paul Painlevé
8%
Militaire François Séverin Marceau
6%
Homme politique Jean-Baptiste Baudin
6%
Militaire Théophile-Malo de La Tour d'Auvergne-Corret
5%
Aucun quiz correspondant
Distribution des résultats
% des personnes avec chaque résultat
Percentile par nombre de réponses
Votre historique - résultats
Vous n’avez pas pris ce quiz